[Event "Mechanics' Winter TNM; 30/90, SD/30"]
[Site "San Francisco"]
[Date "2009.02.24"]
[Round "8.22"]
[White "Starr, Albert"]
[Black "Somerville, Kenneth"]
[Result "1-0"]
[WhiteElo "1502"]
[BlackElo "1602"]
[PlyCount "88"]
[EventDate "2009.??.??"]

1. b4 e5 2. Bb2 d6 3. e3 Be6 4. d3 f5 5. Nf3 Nd7 6. Be2 Nh6 7. h3 Nf7 8. O-O
Be7 9. Nbd2 Bf6 10. c4 O-O 11. a4 c5 12. b5 a5 13. Ra2 Qb6 14. Qa1 Qc7 15. Rd1
Nb6 16. Nf1 d5 17. cxd5 Nxd5 18. Rc1 Nb4 19. Ra3 b6 20. d4 e4 21. N3d2 Nd6 22.
dxc5 bxc5 23. Nb3 c4 24. Nd4 Qf7 25. Nd2 Nd3 26. Rcc3 f4 27. Bxd3 cxd3 28. Rc6
Bxd4 29. Bxd4 fxe3 30. Bxe3 Nc4 31. Nxc4 Bxc4 32. Rc3 Be6 33. R3c5 Rad8 34. Rc7
Rd7 35. Rxd7 Qxd7 36. Rg5 Rf7 37. Kf1 d2 38. Qd1 Qd3+ 39. Kg1 Rd7 40. b6 Qb3
41. Qxb3 Bxb3 42. Bxd2 Rxd2 43. b7 Rd8 44. Rb5 Rb8 1-0

[Event "Mechanics' Fall TNM; 30/90, SD/30"]
[Site "San Francisco"]
[Date "2009.10.20"]
[Round "1.16"]
[White "Stipins, Janis"]
[Black "Andries, Craig"]
[Result "1-0"]
[WhiteElo "1511"]
[BlackElo "1932"]
[PlyCount "95"]
[EventDate "2009.??.??"]

1. e4 d6 2. d4 Nf6 3. Nc3 g6 4. Be3 c6 5. Bd3 a5 6. h4 h5 7. Qd2 Ng4 8. Bg5 Bg7
9. f3 Nf6 10. Nge2 Na6 11. O-O-O Nb4 12. Bc4 b5 13. e5 dxe5 14. dxe5 Qxd2+ 15.
Rxd2 Nh7 16. Nxb5 Bxe5 17. Rhd1 Bf5 18. Nbd4 Nxg5 19. hxg5 Bd7 20. f4 Bd6 21.
Nf3 Bg4 22. Ne5 Bxe5 23. fxe5 Nd5 24. Rf1 O-O 25. Nd4 Ne3 26. Nxc6 Nxf1 27.
Nxe7+ Kg7 28. Bxf1 Rad8 29. Nc6 Rxd2 30. Kxd2 Be6 31. a3 Bd5 32. Nd4 Re8 33. c4
Bb7 34. c5 Rxe5 35. c6 Bc8 36. b4 axb4 37. axb4 Rxg5 38. b5 Re5 39. b6 Re7 40.
Kc3 Kf6 41. Kc4 Ke5 42. Kc5 f5 43. Nb5 Ba6 44. Nd6 Bxf1 45. b7 Bxg2 46. b8=Q f4
47. Nc8+ Kf6 48. Qxf4+ 1-0

[Event "Mechanics' Fall TNM; 30/90, SD/30"]
[Site "San Francisco"]
[Date "2009.11.10"]
[Round "4.18"]
[White "Stipins, Janis"]
[Black "Macintyre, Brendan"]
[Result "1-0"]
[WhiteElo "1511"]
[BlackElo "1667"]
[PlyCount "39"]
[EventDate "2009.??.??"]

1. e4 c5 2. Nf3 Nc6 3. c3 d5 4. exd5 Qxd5 5. Be2 Nf6 6. O-O g6 7. d4 cxd4 8.
cxd4 Bg7 9. Nc3 Qd8 10. d5 Nb8 11. Bf4 O-O 12. Rc1 Nbd7 13. Nb5 a6 14. Nc7 Ra7
15. d6 Ne8 16. Nd5 exd6 17. Rxc8 Qa5 18. Bxd6 Nxd6 19. Ne7+ Kh8 20. Qxd6 1-0

[Event "Mechanics' Fall TNM; 30/90, SD/30"]
[Site "San Francisco"]
[Date "2009.11.24"]
[Round "6.14"]
[White "Stipins, Janis"]
[Black "Ramachandran, Jayakrishnan"]
[Result "0-1"]
[WhiteElo "1511"]
[BlackElo "1922"]
[PlyCount "68"]
[EventDate "2009.??.??"]

1. e4 e5 2. Bc4 Nf6 3. d3 Be7 4. f4 exf4 5. e5 Ng8 6. Bxf4 d5 7. Bb3 Be6 8. Nf3
c5 9. O-O Nc6 10. Nbd2 g5 11. Bg3 h5 12. c4 h4 13. cxd5 Bxd5 14. Bxd5 Qxd5 15.
e6 hxg3 16. exf7+ Qxf7 17. Nxg5 Qh5 18. Qxh5+ Rxh5 19. Ne6 gxh2+ 20. Kh1 Kd7
21. Rae1 Nf6 22. Ng7 Rh7 23. Ne6 Nh5 24. Ne4 Rg8 25. N6xc5+ Bxc5 26. Nxc5+ Kc7
27. Ne4 Ng3+ 28. Nxg3 Rxg3 29. Rf3 Rxf3 30. gxf3 Rh3 31. Rf1 Nd4 32. f4 Nf5 33.
Kg2 Rxd3 34. Rf2 Ne3+ 0-1

[Event "Mechanics' Fall TNM; 30/90, SD/30"]
[Site "San Francisco"]
[Date "2009.12.08"]
[Round "8.27"]
[White "Stipins, Janis"]
[Black "Van Gorder, Neil"]
[Result "1-0"]
[WhiteElo "1511"]
[BlackElo "1462"]
[PlyCount "62"]
[EventDate "2009.??.??"]

1. e4 c5 2. Nf3 g6 3. c3 d5 4. e5 Bg7 5. d4 cxd4 6. cxd4 Nc6 7. Bb5 e6 8. O-O
Nge7 9. Bg5 O-O 10. Qd2 Qb6 11. Nc3 a6 12. Ba4 Qc7 13. Rac1 b5 14. Bb3 Qb6 15.
Rfd1 Bd7 16. Bf6 h6 17. Ne2 Rfe8 18. g4 Na5 19. h4 Nxb3 20. axb3 Kh7 21. Ng3
Bxf6 22. exf6 Nc6 23. h5 gxh5 24. Ng5+ Kg6 25. gxh5+ Kxf6 26. Qf4+ Ke7 27. Nh7
f5 28. Qxh6 Kd8 29. Nf6 Re7 30. Qf8+ Be8 31. Nxe8 Kc8 1-0

[Event "Mechanics' Winter TNM; 30/90, SD/30"]
[Site "San Francisco"]
[Date "2009.01.06"]
[Round "1.11"]
[White "Todortsev, Victor"]
[Black "Allen, Tom"]
[Result "1-0"]
[WhiteElo "1921"]
[BlackElo "1539"]
[PlyCount "53"]
[EventDate "2009.??.??"]

1. d4 Nf6 2. c4 e5 3. d5 Bc5 4. Nc3 d6 5. e4 Bd4 6. Bd3 Ng4 7. Nh3 Qh4 8. Qf3
h6 9. Bd2 Nf6 10. Qg3 Qxg3 11. hxg3 Bg4 12. f3 Bh5 13. g4 Bg6 14. O-O-O Nbd7
15. Rdf1 Nc5 16. Bc2 O-O-O 17. Ne2 Rd7 18. Nxd4 exd4 19. Nf2 Re8 20. b4 d3 21.
Bb1 Ncxe4 22. fxe4 Nxe4 23. Nxe4 Bxe4 24. Rf2 Bh7 25. Rh3 Re2 26. Rxe2 dxe2 27.
Bxh7 1-0

[Event "Mechanics' Winter TNM; 30/90, SD/30"]
[Site "San Francisco"]
[Date "2009.02.03"]
[Round "5.10"]
[White "Todortsev, Victor"]
[Black "Askin, David"]
[Result "1-0"]
[WhiteElo "1921"]
[BlackElo "1714"]
[PlyCount "63"]
[EventDate "2009.??.??"]

1. e4 c6 2. d4 d5 3. e5 Bf5 4. Nf3 e6 5. Bd3 Bxd3 6. Qxd3 c5 7. c3 Nc6 8. O-O
Nge7 9. Bg5 Qb6 10. Nbd2 Ng6 11. h4 h6 12. h5 Nge7 13. dxc5 Qxc5 14. Be3 Qa5
15. b4 Qc7 16. Bf4 Nc8 17. a4 Nb6 18. a5 Nd7 19. Rfe1 Rc8 20. Nb3 b6 21. a6 Be7
22. Rac1 Bg5 23. Qe3 Bxf4 24. Qxf4 f6 25. Qg4 Ndxe5 26. Nxe5 Nxe5 27. Qxe6+ Kf8
28. Nd4 Nd3 29. Qxd5 Qf7 30. Ne6+ Kg8 31. Qxd3 Re8 32. Nf4 1-0

[Event "Mechanics' Summer TNM; 30/90, SD/30"]
[Site "San Francisco"]
[Date "2009.06.16"]
[Round "4.12"]
[White "Todortsev, Victor"]
[Black "Bultman, Charles"]
[Result "1-0"]
[WhiteElo "1936"]
[BlackElo "1722"]
[PlyCount "95"]
[EventDate "2009.??.??"]

1. e4 c5 2. Nf3 d6 3. d4 cxd4 4. Nxd4 Nf6 5. Nc3 a6 6. Bg5 e6 7. Be2 Nbd7 8.
O-O Be7 9. Kh1 O-O 10. f4 Qc7 11. Qd2 h6 12. Bxf6 Nxf6 13. Rad1 b5 14. a3 Bb7
15. Qe3 Rfd8 16. Bf3 Rac8 17. Rf2 d5 18. e5 Ne4 19. Nxe4 dxe4 20. Bxe4 Rxd4 21.
Rxd4 Bc5 22. Bxb7 Qxb7 23. Rfd2 Qb6 24. c3 Bxd4 25. Qxd4 Qxd4 26. Rxd4 Rc5 27.
g3 a5 28. Kg2 Kf8 29. Kf3 Ke7 30. Ke4 a4 31. Kd3 f6 32. exf6+ gxf6 33. c4 e5
34. Re4 Ke6 35. cxb5 Rxb5 36. Rb4 Rxb4 37. axb4 Kd5 38. g4 e4+ 39. Kc3 e3 40.
b5 Kc5 41. b6 Kxb6 42. Kd3 e2 43. Kxe2 Kc5 44. Kd3 Kb4 45. Kc2 Kc4 46. h4 Kd4
47. g5 hxg5 48. hxg5 1-0

[Event "Mechanics' Fall TNM; 30/90, SD/30"]
[Site "San Francisco"]
[Date "2009.11.24"]
[Round "6.11"]
[White "Todortsev, Victor"]
[Black "Campers, Willie"]
[Result "0-1"]
[WhiteElo "1960"]
[BlackElo "1742"]
[PlyCount "126"]
[EventDate "2009.??.??"]

1. e4 e6 2. d4 d5 3. Nc3 Nf6 4. e5 Nfd7 5. Nf3 Be7 6. Bf4 a6 7. h4 c5 8. Ne2
Nc6 9. c3 Qb6 10. Qd2 Na5 11. b3 cxd4 12. Nexd4 Nc6 13. Nxc6 bxc6 14. Bd3 Bb7
15. O-O Nc5 16. Bc2 Ne4 17. Qd3 h6 18. c4 Bc5 19. Qe2 Nc3 20. Qe1 d4 21. Bd2
Qa5 22. a3 Qd8 23. Bxc3 dxc3 24. Qxc3 Be7 25. Rad1 Qc7 26. c5 a5 27. b4 axb4
28. axb4 Ba6 29. Rfe1 O-O 30. Qd4 Rfd8 31. Qe4 g6 32. h5 Rxd1 33. Rxd1 Bf8 34.
hxg6 fxg6 35. Qxg6+ Qg7 36. Qxe6+ Kh8 37. Rd7 Bc8 38. Rxg7 Bxe6 39. Rb7 Bg7 40.
Nh4 Ra1+ 41. Kh2 Bxe5+ 42. g3 Bf6 43. Ng6+ Kg8 44. Be4 Ra2 45. Nf4 Rxf2+ 46.
Ng2 Bc4 47. Bxc6 Bd4 48. Be4 Re2 49. Bf3 Rf2 50. Be4 Re2 51. Bc6 Re5 52. Nf4
Re1 53. Bg2 Rb1 54. c6 Be5 55. Bd5+ Bxd5 56. Nxd5 Rb3 57. c7 Bxg3+ 58. Kg2 Bxc7
59. Rxc7 Kf8 60. Rb7 Ke8 61. b5 Kd8 62. b6 Kc8 63. Rc7+ Kb8 {Black won on time.
} 0-1

[Event "Mechanics' Wilkerson Mem TNM; 30/90, SD"]
[Site "San Francisco"]
[Date "2009.09.15"]
[Round "7.10"]
[White "Todortsev, Victor"]
[Black "Chan, John"]
[Result "1-0"]
[WhiteElo "1945"]
[BlackElo "1697"]
[PlyCount "133"]
[EventDate "2009.??.??"]

1. e4 e6 2. d4 d5 3. Nd2 Nf6 4. e5 Nfd7 5. f4 c5 6. c3 c4 7. Qg4 h5 8. Qg3 g6
9. Be2 Be7 10. Ngf3 Nc6 11. O-O b6 12. h4 Bb7 13. Ng5 Bxg5 14. fxg5 Ne7 15. Qf3
Nf5 16. Bxc4 Qe7 17. Bd3 Nxh4 18. Qf2 Nf5 19. Nf3 Kf8 20. Nh4 Kg7 21. a4 a5 22.
Bb5 Ba6 23. Bxa6 Rxa6 24. g3 Raa8 25. Kg2 Rac8 26. Qe2 Rc4 27. Bd2 Rc6 28. Qb5
Rcc8 29. Rh1 Qd8 30. Rh3 Qc7 31. Nxf5+ gxf5 32. Rah1 Nf8 33. Rxh5 Rxh5 34. Rxh5
Qc4 35. Qxc4 Rxc4 36. b3 Rc8 37. Rh1 Nd7 38. Rc1 Nb8 39. Kf3 Kg6 40. Rh1 Nc6
41. g4 fxg4+ 42. Kxg4 Kg7 43. Rh6 Ne7 44. Rf6 Ng6 45. Rf3 Rh8 46. Be1 Rh1 47.
Re3 Rh2 48. c4 dxc4 49. bxc4 Rg2+ 50. Kf3 Rxg5 51. Rb3 Rf5+ 52. Ke3 Rf1 53. Ke2
Rf4 54. Bf2 Rf5 55. Rxb6 Nf4+ 56. Kd2 Nh5 57. Be3 Ng3 58. c5 Nf1+ 59. Ke2 Ng3+
60. Kd3 Rh5 61. Rb8 Nf5 62. c6 Ne7 63. c7 Rh8 64. Bg5 Rc8 65. Bxe7 Rxc7 66. Bc5
Kg6 67. Ke4 1-0

[Event "Mechanics' Summer TNM; 30/90, SD/30"]
[Site "San Francisco"]
[Date "2009.05.26"]
[Round "1.17"]
[White "Todortsev, Victor"]
[Black "Chen, Max"]
[Result "1-0"]
[WhiteElo "1936"]
[BlackElo "1506"]
[PlyCount "95"]
[EventDate "2009.??.??"]

1. e4 c5 2. Nf3 Nc6 3. d4 cxd4 4. Nxd4 g6 5. Nc3 Bg7 6. Be3 Nf6 7. f3 O-O 8.
Qd2 Qb6 9. O-O-O Qa5 10. g4 d5 11. Nb3 Qd8 12. exd5 Ne5 13. Be2 Bd7 14. Bh6 Rc8
15. Bxg7 Kxg7 16. Qd4 Qc7 17. g5 Nxd5 18. Qxd5 Bc6 19. Qd4 Rfd8 20. Qf4 b5 21.
Rxd8 Rxd8 22. Qe3 Rc8 23. Nd4 b4 24. Nxc6 Nxc6 25. Nb5 Qa5 26. Kb1 Rd8 27. c3
a6 28. cxb4 Nxb4 29. Qc3+ Kg8 30. a3 axb5 31. Qxb4 Qc7 32. Qxb5 Rb8 33. Qd3 Qc5
34. f4 Qc7 35. Rf1 Qb7 36. Qd4 Qg2 37. Rf2 Qg1+ 38. Ka2 Qc1 39. Bc4 Rc8 40. Bb3
Qc7 41. f5 Rd8 42. Qe4 Qb6 43. Bxf7+ Kxf7 44. fxg6+ Ke8 45. gxh7 Qxf2 46. h8=Q+
Kd7 47. Qd5+ Kc7 48. Qhxd8# 1-0

[Event "Mechanics' Wilkerson Mem TNM; 30/90, SD"]
[Site "San Francisco"]
[Date "2009.08.25"]
[Round "4.12"]
[White "Todortsev, Victor"]
[Black "Cole, Tony"]
[Result "1-0"]
[WhiteElo "1945"]
[BlackElo "1432"]
[PlyCount "101"]
[EventDate "2009.??.??"]

1. e4 e5 2. Nf3 Nc6 3. Bc4 Nf6 4. Nc3 h6 5. d3 Bc5 6. O-O d6 7. Na4 Bg4 8. Nxc5
dxc5 9. c3 Qd6 10. Bb5 Bxf3 11. Qxf3 O-O-O 12. Rd1 a6 13. Bxc6 Qxc6 14. Qf5+
Qe6 15. Qxe6+ fxe6 16. Be3 b6 17. f3 g5 18. a4 a5 19. Kf2 Rdf8 20. h3 g4 21.
Rab1 c4 22. hxg4 Nxg4+ 23. Ke2 Nxe3 24. Kxe3 cxd3 25. Rxd3 Rfg8 26. Rd2 Rg3 27.
Rh1 Rhg8 28. Rxh6 Rxg2 29. Rxg2 Rxg2 30. Rxe6 Rg5 31. Re7 Kd8 32. Rf7 Rh5 33.
b4 axb4 34. cxb4 Kc8 35. a5 Kb7 36. axb6 Kxb6 37. Rf5 Rxf5 38. exf5 Kc6 39. Ke4
Kd6 40. b5 Ke7 41. Kxe5 Kf7 42. f6 Kf8 43. Ke6 Ke8 44. f7+ Kf8 45. f4 c5 46.
bxc6 Kg7 47. Ke7 Kg6 48. f8=Q Kh7 49. Qf5+ Kh8 50. Qg5 Kh7 51. Kf7 1-0

[Event "Mechanics' Wilkerson Mem TNM; 30/90, SD"]
[Site "San Francisco"]
[Date "2009.09.29"]
[Round "9.7"]
[White "Todortsev, Victor"]
[Black "Gray, William"]
[Result "1-0"]
[WhiteElo "1945"]
[BlackElo "2061"]
[PlyCount "103"]
[EventDate "2009.??.??"]

1. e4 c5 2. Nf3 d6 3. d4 cxd4 4. Nxd4 Nf6 5. Nc3 g6 6. Be3 a6 7. f3 b5 8. Qd2
Bb7 9. Bd3 Bg7 10. O-O-O Nbd7 11. Bh6 Bxh6 12. Qxh6 Rc8 13. Rhe1 b4 14. Nd5 Qa5
15. Nxf6+ Nxf6 16. Kb1 Qh5 17. Qd2 O-O 18. Qxb4 Rb8 19. Qd2 Qxh2 20. f4 e5 21.
fxe5 dxe5 22. Nf3 Qf4 23. Qe2 h5 24. Rh1 Bxe4 25. Rh4 Bxd3 26. Rxd3 Qf5 27.
Qxe5 Qxe5 28. Nxe5 Rfe8 29. Nf3 Rb6 30. Rhd4 Ree6 31. b3 Ne4 32. Kb2 Nc5 33.
Rd2 Re3 34. Rc4 Ne4 35. Rd7 Re2 36. Ne5 Nd6 37. Rc5 Rxe5 38. Rxd6 Rxc5 39. Rxb6
a5 40. Rd6 Kf8 41. a3 Ke7 42. Rd2 f5 43. b4 Re5 44. Kb3 f4 45. c4 g5 46. b5 g4
47. b6 Kf6 48. b7 Re8 49. c5 h4 50. c6 h3 51. gxh3 g3 52. c7 1-0

[Event "Mechanics' Summer TNM; 30/90, SD/30"]
[Site "San Francisco"]
[Date "2009.06.30"]
[Round "6.7"]
[White "Todortsev, Victor"]
[Black "Gray, William"]
[Result "0-1"]
[WhiteElo "1936"]
[BlackElo "2057"]
[PlyCount "79"]
[EventDate "2009.??.??"]

1. e4 d5 2. exd5 Qxd5 3. d4 e5 4. Nf3 exd4 5. Nxd4 Bc5 6. Be3 Nf6 7. Nc3 Qe5 8.
Be2 Bd7 9. O-O Nc6 10. Nxc6 Bxc6 11. Bxc5 Qxc5 12. Bf3 O-O 13. Bxc6 Qxc6 14.
Qd4 Rad8 15. Qh4 Rd2 16. Rac1 Rfd8 17. h3 h6 18. Rfe1 R2d4 19. Qg3 Qb6 20. b3
Qc5 21. Re5 Qc6 22. Rce1 a6 23. a4 Rd2 24. R5e2 Rxe2 25. Rxe2 Qc5 26. Kh2 Rd7
27. Qf3 c6 28. Ne4 Qe5+ 29. g3 Nxe4 30. Rxe4 Qd5 31. c4 Qc5 32. b4 Qg5 33. Re8+
Kh7 34. h4 Qf6 35. Qe4+ g6 36. Qe3 h5 37. Kg2 Kg7 38. a5 Rd1 39. Re7 Qa1 40.
Qf3 {Both players quit keeping score in this position in which White's chances
are clearly preferable. Black later won in time pressure.} 0-1

[Event "Mechanics' Spring TNM; 30/90, SD/30"]
[Site "San Francisco"]
[Date "2009.03.17"]
[Round "2.19"]
[White "Todortsev, Victor"]
[Black "Hilliard, Michael"]
[Result "1-0"]
[WhiteElo "1928"]
[BlackElo "1402"]
[PlyCount "101"]
[EventDate "2009.??.??"]

1. e4 c6 2. d4 d5 3. e5 Bf5 4. f4 Nd7 5. Nf3 h6 6. Bd3 Bxd3 7. Qxd3 e6 8. O-O
Qb6 9. f5 exf5 10. Qxf5 Ne7 11. Qh3 c5 12. c3 O-O-O 13. a4 g5 14. Nxg5 hxg5 15.
Qxh8 Bh6 16. Qh7 cxd4 17. a5 Qg6 18. Qxg6 fxg6 19. cxd4 Nf5 20. Rd1 Nf8 21. Nc3
Ne6 22. Ra4 Bf8 23. Ne2 Kb8 24. g4 Ne7 25. Rf1 Bg7 26. Rf7 Rd7 27. Nc3 Kc8 28.
Nb5 a6 29. Nd6+ Kd8 30. Be3 Nc8 31. Nxb7+ Kc7 32. Rxd7+ Kxd7 33. Rb4 Kc6 34.
Rb3 Bf8 35. Nc5 Bxc5 36. dxc5 d4 37. Bd2 Kxc5 38. Rb8 Na7 39. Bb4+ Kd5 40. Rb6
Nc6 41. Bd2 Nc5 42. Kf1 Nxe5 43. b4 Nb3 44. Bxg5 d3 45. Rxa6 d2 46. Ke2 Nf3 47.
Be3 Nbd4+ 48. Bxd4 Kxd4 49. Rd6+ Kc3 50. a6 Kc2 51. Rxd2+ 1-0

[Event "Mechanics' Fall TNM; 30/90, SD/30"]
[Site "San Francisco"]
[Date "2009.11.10"]
[Round "4.11"]
[White "Todortsev, Victor"]
[Black "Kleiman, Charles"]
[Result "1-0"]
[WhiteElo "1960"]
[BlackElo "1737"]
[PlyCount "103"]
[EventDate "2009.??.??"]

1. d4 Nf6 2. c4 e6 3. Nc3 d5 4. e3 c5 5. Nf3 Nc6 6. Bd3 cxd4 7. exd4 Be7 8. O-O
O-O 9. Re1 h6 10. h3 dxc4 11. Bxc4 a6 12. a4 Bb4 13. Qd3 Qa5 14. Ne5 Rd8 15.
Nxc6 bxc6 16. Re5 Qxe5 17. dxe5 Rxd3 18. Bxd3 Nd5 19. Ne4 Rb8 20. Bc4 Nb6 21.
Be2 Bb7 22. Be3 Nd5 23. Bc5 Bc8 24. b3 Nc3 25. Nxc3 Bxc3 26. Rd1 Bxe5 27. Rd8+
Kh7 28. b4 Bc7 29. Re8 a5 30. b5 cxb5 31. Bxb5 Kg6 32. g3 Kf5 33. Re7 Bb6 34.
Rxf7+ Kg6 35. Be8 Kh7 36. Bxb6 Rxb6 37. Ra7 Ra6 38. Rc7 Ra8 39. Bc6 Rb8 40. Ra7
Rb6 41. Be4+ Kg8 42. Rxa5 Ra6 43. Rc5 Bd7 44. a5 Ra7 45. f4 Kf7 46. Kf2 Ke7 47.
Ke3 Kd6 48. Kd4 Ba4 49. Kc4 Bd7 50. Kb4 Ra6 51. Bb7 Ra7 52. a6 1-0

[Event "Mechanics' Summer TNM; 30/90, SD/30"]
[Site "San Francisco"]
[Date "2009.07.14"]
[Round "8.7"]
[White "Todortsev, Victor"]
[Black "Luke, Gary"]
[Result "1-0"]
[WhiteElo "1936"]
[BlackElo "1800"]
[PlyCount "73"]
[EventDate "2009.??.??"]

1. e4 c5 2. Nf3 Nc6 3. d4 cxd4 4. Nxd4 e5 5. Nf3 Nf6 6. Nc3 Bb4 7. Bc4 Qc7 8.
O-O Bxc3 9. bxc3 Ne7 10. Qd3 d5 11. Bb5+ Bd7 12. Bxd7+ Nxd7 13. exd5 Qc5 14. c4
Rc8 15. Rb1 b6 16. Nd2 Qd4 17. Ne4 O-O 18. Nd6 Qxd3 19. cxd3 Rc5 20. Ba3 Ra5
21. Nb5 Nc5 22. Bxc5 bxc5 23. Nc3 a6 24. a4 g5 25. Rb7 Nf5 26. Re1 f6 27. Reb1
Rf7 28. Rxf7 Kxf7 29. Rb7+ Kg6 30. g4 Nh4 31. d6 Nf3+ 32. Kg2 e4 33. d7 Nh4+
34. Kg3 f5 35. d8=Q f4+ 36. Kh3 Nf3 37. Qd6# 1-0

[Event "Mechanics' Spring TNM; 30/90, SD/30"]
[Site "San Francisco"]
[Date "2009.04.21"]
[Round "6.7"]
[White "Todortsev, Victor"]
[Black "Lum, Michael K"]
[Result "0-1"]
[WhiteElo "1928"]
[BlackElo "1804"]
[PlyCount "116"]
[EventDate "2009.??.??"]

1. e4 c6 2. d4 d5 3. e5 Bf5 4. Bd3 Bxd3 5. Qxd3 e6 6. Ne2 Ne7 7. Ng3 Nd7 8. O-O
c5 9. c3 Nc6 10. a3 Be7 11. b4 cxb4 12. cxb4 O-O 13. Be3 Kh8 14. Nd2 f6 15. f4
f5 16. Rac1 Rg8 17. Nb3 Rc8 18. Nc5 Nxc5 19. bxc5 Na5 20. Rc3 Qd7 21. Rb1 Nc4
22. Bc1 b6 23. cxb6 axb6 24. Rcb3 Ra8 25. Nf1 Ra4 26. Ne3 Rga8 27. Nc2 R8a6 28.
h3 g6 29. g4 Qa7 30. Nb4 Bxb4 31. axb4 b5 32. Be3 Ra1 33. Bf2 Rxb1+ 34. Rxb1
Ra3 35. Rb3 Rxb3 36. Qxb3 Qa3 37. Qxa3 Nxa3 38. Be1 fxg4 39. hxg4 Kg7 40. Kf2
h5 41. f5 gxf5 42. gxf5 exf5 43. Kf3 Nc2 44. Bf2 Nxb4 45. Bh4 Nc6 46. Kf4 Nxd4
47. Bf2 Ne6+ 48. Kxf5 Kf7 49. Be1 Nd4+ 50. Kf4 Nc2 51. Bc3 d4 52. Bd2 b4 53.
Ke4 b3 54. Bc1 Ke6 55. Kd3 Kxe5 56. Kc4 h4 57. Kxb3 h3 58. Kxc2 h2 0-1

[Event "Mechanics' Spring TNM; 30/90, SD/30"]
[Site "San Francisco"]
[Date "2009.03.31"]
[Round "3.5"]
[White "Todortsev, Victor"]
[Black "Manvelyan, Hayk"]
[Result "0-1"]
[WhiteElo "1928"]
[BlackElo "2035"]
[PlyCount "108"]
[EventDate "2009.??.??"]

1. e4 e6 2. d4 d5 3. Nd2 c5 4. c3 cxd4 5. cxd4 dxe4 6. Nxe4 Bb4+ 7. Nc3 Nf6 8.
Nf3 Nc6 9. Bd3 O-O 10. O-O a6 11. Bg5 h6 12. Bh4 Be7 13. Rc1 Nb4 14. Bb1 Nbd5
15. Ne5 Nd7 16. Nxd5 Bxh4 17. Qd3 f5 18. Nc7 Nxe5 19. dxe5 Qxd3 20. Bxd3 Rb8
21. Bc4 Kf7 22. Rfd1 Bg5 23. Rc2 Rd8 24. Rxd8 Bxd8 25. Bb3 Ke7 26. f4 Bd7 27.
g4 Rc8 28. gxf5 Rxc7 29. Rg2 Rc1+ 30. Kf2 Bb6+ 31. Ke2 Rg1 32. Rxg1 Bxg1 33.
fxe6 Bxe6 34. Bc2 Bxh2 35. Kf3 Kf7 36. Be4 b6 37. Bb7 a5 38. a4 h5 39. Be4 g6
40. Ke3 Bg1+ 41. Kf3 Bd4 42. Kg3 Bxb2 43. Kh4 Ba3 44. Kg5 Be7+ 45. Kh6 Bf5 46.
Bd5+ Ke8 47. Bc6+ Kd8 48. Kg7 h4 49. Kf7 h3 50. Bd5 h2 51. Bf3 g5 52. fxg5 Bxg5
53. e6 Be7 54. Bd5 Bc2 0-1

[Event "Mechanics' Wilkerson Mem TNM; 30/90, SD"]
[Site "San Francisco"]
[Date "2009.08.11"]
[Round "2.11"]
[White "Todortsev, Victor"]
[Black "Mar, Henry"]
[Result "1-0"]
[WhiteElo "1945"]
[BlackElo "1500"]
[PlyCount "43"]
[EventDate "2009.??.??"]

1. e4 c5 2. Nf3 d6 3. d4 cxd4 4. Nxd4 Nf6 5. Nc3 g6 6. Be3 Bg7 7. f3 O-O 8. Bc4
Bd7 9. Qd2 a6 10. O-O-O Nc6 11. g4 b5 12. Bb3 Na5 13. h4 Nxb3+ 14. cxb3 Rc8 15.
Kb1 Qa5 16. h5 b4 17. Nce2 Bxg4 18. hxg6 Bxf3 19. gxh7+ Kh8 20. Nxf3 Nxe4 21.
Qd3 Nf2 22. Bxf2 1-0

[Event "Mechanics' Fall TNM; 30/90, SD/30"]
[Site "San Francisco"]
[Date "2009.10.27"]
[Round "2.1"]
[White "Todortsev, Victor"]
[Black "Pearson, Michael"]
[Result "0-1"]
[WhiteElo "1960"]
[BlackElo "2290"]
[PlyCount "86"]
[EventDate "2009.??.??"]

1. d4 Nf6 2. Nf3 g6 3. g3 Bg7 4. Bg2 O-O 5. O-O d6 6. c4 Nbd7 7. Nc3 c6 8. e4
e5 9. d5 Qc7 10. Re1 a6 11. Bd2 cxd5 12. cxd5 Nc5 13. Qe2 Bd7 14. Rac1 Qb6 15.
b3 Rfc8 16. h3 Rc7 17. Be3 Qb4 18. Nd2 Rac8 19. Nc4 Bf8 20. Bd2 Bb5 21. Nxb5
Qxb5 22. Ba5 Nxb3 23. axb3 Rxc4 24. Rxc4 Rxc4 25. Qxc4 Qxa5 26. Rc1 Nd7 27. b4
Qa3 28. Qc3 Qa4 29. Bf1 Nb6 30. Bd3 Bh6 31. Rc2 Bg5 32. h4 Bd8 33. Kg2 Kg7 34.
Kh3 h5 35. Be2 Nd7 36. Rc1 Nf6 37. f3 Bb6 38. b5 axb5 39. Ra1 b4 40. Qc1 Qb3
41. Ra8 Bc5 42. Bc4 Qxf3 43. Qe1 Bf2 0-1

[Event "Mechanics' Winter TNM; 30/90, SD/30"]
[Site "San Francisco"]
[Date "2009.02.17"]
[Round "7.9"]
[White "Todortsev, Victor"]
[Black "Ramachandran, Jayakrishnan"]
[Result "1-0"]
[WhiteElo "1921"]
[BlackElo "1811"]
[PlyCount "103"]
[EventDate "2009.??.??"]

1. d4 Nf6 2. Nc3 d5 3. e4 dxe4 4. f3 exf3 5. Nxf3 e6 6. Bd3 Be7 7. O-O O-O 8.
Bg5 Nbd7 9. Qe1 h6 10. Bh4 Re8 11. Ne5 c5 12. dxc5 Bxc5+ 13. Kh1 g5 14. Bg3
Nxe5 15. Qxe5 Bd4 16. Qe2 e5 17. Qf3 Kg7 18. Ne4 Re6 19. Nxf6 Rxf6 20. Qe4
Rxf1+ 21. Rxf1 f5 22. Bxe5+ Bxe5 23. Qxe5+ Qf6 24. Qe8 Qf7 25. Re1 Qxe8 26.
Rxe8 b6 27. Bxf5 Bb7 28. Re7+ Kf6 29. Rxb7 Kxf5 30. h3 h5 31. c3 g4 32. Kh2 Kf4
33. h4 Kf5 34. Rg7 a5 35. Rg5+ Kf4 36. Rxh5 Re8 37. Rh6 b5 38. Rf6+ Ke3 39. Rb6
Re5 40. Kg3 Kd3 41. Kxg4 Kc2 42. h5 Kxb2 43. h6 a4 44. h7 Re8 45. Rxb5+ Kxa2
46. Kf5 a3 47. g4 Ka1 48. g5 a2 49. Ra5 Kb2 50. g6 a1=Q 51. Rxa1 Kxa1 52. g7
1-0

[Event "Mechanics' Spring TNM; 30/90, SD/30"]
[Site "San Francisco"]
[Date "2009.05.05"]
[Round "8.7"]
[White "Todortsev, Victor"]
[Black "Sanguinetti, George"]
[Result "1-0"]
[WhiteElo "1928"]
[BlackElo "2010"]
[PlyCount "55"]
[EventDate "2009.??.??"]

1. e4 Nf6 2. e5 Nd5 3. d4 d6 4. f4 Bf5 5. Nf3 e6 6. Bb5+ c6 7. Ba4 b5 8. Bb3
Nd7 9. O-O Be7 10. Nc3 Nxc3 11. bxc3 d5 12. a4 O-O 13. Ne1 a6 14. Nd3 c5 15.
dxc5 Qc7 16. Be3 Nxc5 17. Nxc5 Bxc5 18. Bd4 Rac8 19. axb5 axb5 20. Rf2 Qb6 21.
g4 Be4 22. Qd2 Rc7 23. f5 Rfc8 24. f6 gxf6 25. exf6 Bxd4 26. cxd4 Kh8 27. Qh6
Rg8 28. Ra8 1-0

[Event "Mechanics' Winter TNM; 30/90, SD/30"]
[Site "San Francisco"]
[Date "2009.01.20"]
[Round "3.2"]
[White "Todortsev, Victor"]
[Black "Shakhnazarov, Oleg"]
[Result "1/2-1/2"]
[WhiteElo "1921"]
[BlackElo "2163"]
[PlyCount "104"]
[EventDate "2009.??.??"]

1. e4 e6 2. d4 Be7 3. f4 d5 4. e5 c5 5. c3 Nc6 6. Nf3 Nh6 7. Bd3 Ng4 8. O-O Qb6
9. Kh1 Bd7 10. Ng5 h5 11. f5 Bxg5 12. Bxg5 cxd4 13. fxe6 Bxe6 14. Qe2 Ne3 15.
Na3 a6 16. cxd4 Nxf1 17. Rxf1 Qxd4 18. Re1 O-O 19. h3 Rae8 20. Nc2 Qxe5 21.
Qxh5 g6 22. Qh4 Qh8 23. Qxh8+ Kxh8 24. Bf6+ Kh7 25. g4 Bd7 26. Rf1 Ne5 27. Be2
Bb5 28. Bxb5 axb5 29. g5 Nd3 30. Rf3 Ne1 31. Rf4 Re4 32. Rxe4 dxe4 33. Nxe1 Ra8
34. a3 Rc8 35. Kg2 Rc1 36. Bc3 Rd1 37. Kf2 Kg8 38. Ke3 Kf8 39. Kxe4 Ke8 40. Ke5
Kd7 41. h4 Rd6 42. Nf3 Rd3 43. Nd4 Rh3 44. Nxb5 Rxh4 45. Nd6 Rg4 46. Ne4 Rg1
47. a4 Rf1 48. Kd5 Rd1+ 49. Bd4 b6 50. b4 Kc7 51. a5 bxa5 52. bxa5 Rf1 {
Both players stop keeping score here as they got low on time. The game was
eventually drawn around move 120 due to the 50 move rule with White being
unable to mate with Bishop and Knight with a minute left on his clock.} 1/2-1/2

[Event "Mechanics' Fall TNM; 30/90, SD/30"]
[Site "San Francisco"]
[Date "2009.12.08"]
[Round "8.19"]
[White "Todortsev, Victor"]
[Black "Trestor, David"]
[Result "0-1"]
[WhiteElo "1960"]
[BlackElo "1656"]
[PlyCount "28"]
[EventDate "2009.??.??"]

1. e4 c5 2. Nf3 g6 3. d4 cxd4 4. Nxd4 Nc6 5. Bc4 Bg7 6. c3 Qb6 7. Nxc6 bxc6 8.
O-O Nf6 9. Qe2 O-O 10. Be3 Qc7 11. Nd2 d5 12. exd5 cxd5 13. Bd3 Ng4 14. Bg5
Qxh2# 0-1